| 000 | 00680 a2200205 4500 | ||
|---|---|---|---|
| 001 | 61422 | ||
| 005 | 20260407155904.0 | ||
| 008 | 260407a1953 arg spa d | ||
| 003 | AR-UNSa-BCEJYS | ||
| 040 |
_aAR-UNSa-BCEJYS _bspa _cAR-UNSa-BCEJYS |
||
| 080 |
_a347.65/.68 _xSucesiones (Herencia. Testamento) |
||
| 245 | 1 | 0 | _aTratado de derecho hereditario |
| 264 | 1 |
_aBuenos Aires : _bTipográfica Editora Argentina _c1953 |
|
| 300 |
_a4 v. _c23 cm. |
||
| 505 | _aTomo I: Parte general -- Tomo II: Parte General -- Tomo III: Parte Especial -- Tomo IV: Parte Especial | ||
| 041 | _aspa | ||
| 942 | _cBK | ||
| 590 | _aniveau_biblio:m niveau_hierar:0 | ||
| 100 | 1 | _aGasperi, Luis de | |
| 999 |
_c7302 _d7302 |
||